| 000 | 00731cam a2200229 a 4500 | ||
|---|---|---|---|
| 001 | 000000942 | ||
| 003 | DO-SdBNP | ||
| 005 | 20221019111711.0 | ||
| 007 | ta | ||
| 008 | 820225s1908 sp 000 0 spa | ||
| 040 |
_aDO-SdBNP _bspa _cBNPHU |
||
| 082 | 4 |
_a866.5 _bC348c _222 |
|
| 100 | 1 |
_aCastelar, Emilio, _d1832-1899. _93312 |
|
| 245 | 1 | 0 |
_aCorrespondencia, 1868-1898 / _cEmilio Castelar y Ripol. |
| 260 |
_aMadrid : _bSucesores de Rivadeneyra, _c1908. |
||
| 300 |
_aviii, 439 p. ; _c26 cm. |
||
| 600 | 1 | 4 |
_aCastelar y Ripoll, Emilio, _y1868-1898 _xCorrespondencias, memorias, etc. _93314 |
| 650 | 4 |
_aCartas _xEspañolas _93313 |
|
| 650 | 4 |
_aLiteratura _xEspañola _93315 |
|
| 910 | _aCatalogación por copia/Lc | ||
| 942 |
_2ddc _cLBS1 |
||
| 999 |
_c932 _d932 |
||